الملفات و المجلدات في وينذوز 98 / (رقم التسجيلة. 38845)

تفاصيل مارك
000 -LEADER
fixed length control field 00702nam a22002057a 4500
005 - DATE AND TIME OF LATEST TRANSACTION
control field 20251108170050.0
008 - FIXED-LENGTH DATA ELEMENTS--GENERAL INFORMATION
fixed length control field 250721s1999 xx 000 0 ara d
082 14 - DEWEY DECIMAL CLASSIFICATION NUMBER
Classification number ط/004/عطا
100 1# - MAIN ENTRY--PERSONAL NAME
Personal name عطار، فراس أبو الجود
245 10 - TITLE STATEMENT
Title الملفات و المجلدات في وينذوز 98 /
264 1# - PRODUCTION, PUBLICATION, DISTRIBUTION, MANUFACTURE, AND COPYRIGHT NOTICE
Place of production, publication, distribution, manufacture حلب :
Name of producer, publisher, distributor, manufacturer دار القلم العربي،
Date of production, publication, distribution, manufacture, or copyright notice 1999.
300 ## - PHYSICAL DESCRIPTION
Extent 16ص.
490 0# - SERIES STATEMENT
Series statement الجموعة العلمية للصغار : الكمبيوتر للمبتدئين
Volume/sequential designation 14
650 17 - SUBJECT ADDED ENTRY--TOPICAL TERM
Topical term or geographic name as entry element الحواسيب
650 17 - SUBJECT ADDED ENTRY--TOPICAL TERM
Topical term or geographic name as entry element علم الحاسوب
653 ## - INDEX TERM--UNCONTROLLED
Uncontrolled term مرحلة متوسطة (6-9 سنوات )
700 1# - ADDED ENTRY--PERSONAL NAME
Personal name قاطرجي، محمد
942 ## - ADDED ENTRY ELEMENTS (KOHA)
Source of classification or shelving scheme Dewey Decimal Classification
Koha item type كتب
المقتنيات
حالة السحب حالة الفقدان مصدر التصنيف حالة التلف غير قابل للإعارة المكتبة الرئيسية المكتبة الحالية موقع الرف تاريخ التزويد الرقم المتسلسل Total Checkouts رقم الإستدعاء تاريخ آخر ظهور تاريخ الفاتورة نوع المادة (كوها) الباركود
    Dewey Decimal Classification     المكتبة المركزية المكتبة المركزية مقتنيات قسم التزويد 28/07/2025 1740584   ط/004/عطا 28/07/2025 28/07/2025 كتب  
    Dewey Decimal Classification Unchecked   مكتبة البراءة للأطفال مكتبة البراءة للأطفال الأطفال 28/07/2025 401592   ط/004/عطا 28/07/2025 28/07/2025 كتب  
    Dewey Decimal Classification     مكتبة البيادر مكتبة البيادر الأطفال 11/03/2015 1593530   ط/004/عطا 28/07/2025 11/03/2015 كتب PLD00318216
    Dewey Decimal Classification     مكتبة الحسن العامة مكتبة الحسن العامة الأطفال 10/04/2019 401352   ط/004/عطا 28/07/2025 10/04/2019 كتب PLD00449290
    Dewey Decimal Classification     مكتبة الراية الهاشمية للأطفال مكتبة الراية الهاشمية للأطفال الأطفال 28/07/2025 401512   ط/004/عطا 28/07/2025 28/07/2025 كتب 401512
    Dewey Decimal Classification     مكتبة بدر الجديدة للأطفال مكتبة بدر الجديدة للأطفال الأطفال 28/07/2025 401496   ط/004/عطا 28/07/2025 28/07/2025 كتب 401496
    Dewey Decimal Classification     مكتبة بدر للأطفال مكتبة بدر للأطفال الأطفال 08/08/2022 401480   ط/004/عطا 28/07/2025 08/08/2022 كتب PLD00498273
    Dewey Decimal Classification     مكتبة صويلح العامة مكتبة صويلح العامة الأطفال 29/06/2019 315674   ط/004/عطا 28/07/2025 29/06/2019 كتب PLD00455421
    Dewey Decimal Classification     مكتبة صويلح العامة مكتبة صويلح العامة الأطفال 29/06/2019 401288   ط/004/عطا 28/07/2025 29/06/2019 كتب PLD00455454
    Dewey Decimal Classification     مكتبة وادي السير العامة مكتبة وادي السير العامة الإعارة 28/07/2025 401432   ط/004/عطا 28/07/2025 28/07/2025 كتب 401432
    Dewey Decimal Classification     مكتبة وادي السير العامة مكتبة وادي السير العامة الإعارة 28/07/2025 315818   ط/004/عطا 28/07/2025 28/07/2025 كتب 315818
    Dewey Decimal Classification Unchecked   مكتبةمؤتة مكتبةمؤتة الأطفال 06/07/2004 401608   ط/004/عطا 28/07/2025 06/07/2004 كتب  
Implemented & Customized by: BBB with SCIT (Smart Chains for Information Technology)

Powered by Koha